000 01234nam a2200373 a 4500
008 181121e2016 ||||f |||| 001 0 spa d
020 _a9788490229941
041 _aspa
092 _c616
_l24
_sFAR
100 1 _aRozman, Ciril
_eDir.
_9449
245 _aFarreras - Rozman. Medicina Interna.
_bT.1 /
_cCiril Rozman
250 _a18a ed.
260 _aBarcelona:
_bElsevier;
_c2016.
300 _a1-1284 p.
500 _aRozman, C. (Dir.) y Cardellach López, F. (Subdir.). (2016). Farreras - Rozman. Medicina Interna. T.1 (18a ed.). Barcelona : Elsevier.
590 _aCompra Noviembre 2018. Fac. de Medicina
653 _aFundamentos de la práctica médica
653 _aEnfermedades del aparato digestivo
653 _aGastroenterología
653 _aHepatología
653 _aCardiología
653 _aAngiología
653 _aNeumología
653 _aNefrología
653 _aReumatología y Enfermedades sistémicas
653 _aReumatología
653 _aEnfermedades sistémicas
653 _aOncología médica
653 _aGenética médica
653 _aGeriatría
653 _aDermatología en medicina interna
700 1 _aCardellach López, F.
_eSubdir.
_93988
942 _2ddc
_cBK
999 _c2836
_d2836